000 00493nam a22001817a 4500
001 00028795
005 20260420111208.0
008 260416b ag ||||| |||| 00| 0 spa d
040 _bspa
_cAR-CcCEOS
080 _a860-3(82)
090 _bDEM
100 1 _aMiguel, MarĂ­a Esther de
_9247
245 _aCalamares en su tinta /
_cMaria Esther de Miguel
260 _aBuenos Aires :
_bLosasa,
_cc1968.
300 _a141 p. ;
_c19x12 cm.
650 0 _aliteratura argentina
942 _2udc
_cBK
999 _c28831
_d28831
945 _c66467
_dMelina Rolando